Whiskey Tango Foxtrot Quiz Stats

 Plays Quiz Updated Feb 24, 2019

     
Support Sporcle.
Go Orange.
Score 0/26 Timer 05:00
1 Play Today
% Correct
Tango
79.9%
Victor
79%
Yankee
76.5%
Golf
75.6%
Mike
73.7%
November
73%
Bravo
71.1%
X-Ray
71.1%
Alfa
70.3%
Romeo
64.8%
Kilo
64.8%
Whiskey
61.1%
Delta
60%
% Correct
Quebec
59.4%
Charlie
58.4%
Papa
55.1%
India
52.1%
Foxtrot
45.8%
Echo
42.2%
Hotel
40.1%
Uniform
39.6%
Lima
37.4%
Oscar
35.9%
Sierra
32.9%
Zulu
22.7%
Juliett
9.6%

From the Vault

Cities That Have Lost an MLB Team

by sonar1313

Sports 4m
No, we're not talking about the 1915 Newark Peppers.
Remove Ads.
Support Sporcle.
Get the best of Sporcle when you Go Orange. This ad-free experience offers more features, more stats, and more fun while also helping to support Sporcle. Thank you for becoming a member.

Show Comments

Extras

Top Quizzes Today


Score Distribution

Your Account Isn't Verified!

In order to create a playlist on Sporcle, you need to verify the email address you used during registration. Go to your Sporcle Settings to finish the process.

Report this User

Report this user for behavior that violates our Community Guidelines.

Details: